000 01074cab a2200313 4500
001 ABS58982
008 090401t1998 xxu||||| |||| 00| 0 eng d
035 _a(Sirsi) u87837
041 _aeng
100 _aNunn, D.
245 _aThey know what`s best for you
260 _c1998
350 _a0
490 _aContract Journal
_v394(6185) 22 July 1998, 12-14(3)
520 _aReviews Sir John Egan`s Task Force report "Rethinking Construction". Discusses the potential `winners` and `losers`, the new construction organisations to be established, worker safety and site conditions proposals, and the demonstration projects named so far. Includes comments from industry representatives.
650 _aCONSTRUCTION INDUSTRY
650 _aCONSTRUCTION ORGANISATIONS
650 _aDEMONSTRATION PROJECTS
650 _aDESIGN
650 _aIMPLEMENTATION
650 _aPARTNERING
650 _aSAFETY
650 _aSITE CONDITIONS
690 _aBUILT ENVIRONMENT
700 _aReynolds, P.
700 _aRidout, G.
942 _n0
948 _c05/08/1998
999 _c55436
_d55436